Capitali Europee - Quiz con Mappa - Statistics

Statistiche generali
  • Questo quiz è stato fatto 12.564 volte
  • Il punteggio medio è 28 su 44
Risposte nella Mappa
Le risposte nella mappa del quiz sottostante sono codificate secondo una scala di colori dal rosso al verde in base alla % di persone che hanno risposto correttamente.
 
Statistiche sulle risposte
Risposta % Corretto
Londra
90%
Lisbona
89%
Madrid
89%
Atene
87%
Parigi
87%
Dublino
86%
Roma/Vaticano
86%
San Marino
86%
Amsterdam
82%
Monaco
82%
Andorra la Vella
81%
La Valletta
76%
Bruxelles
75%
Lussemburgo
75%
Berlino
74%
Reykjavik
74%
Mosca
69%
Berna
68%
Kiev
65%
Vienna
65%
Tirana
64%
Copenaghen
63%
Helsinki
63%
Oslo
63%
Varsavia
60%
Stoccolma
58%
Praga
57%
Zagabria
56%
Lubiana
51%
Minsk
51%
Sarajevo
51%
Sofia
51%
Bucarest
49%
Riga
47%
Budapest
46%
Skopje
46%
Chisinau
44%
Tallinn
44%
Vaduz
43%
Belgrado
42%
Vilnius
42%
Podgorica
40%
Pristina
38%
Bratislava
37%
Nessun quiz corrispondente trovato
Distribuzione punteggi
Percentuale di utenti per punteggio
Percentile per numero di risposta
I tuoi punteggi nel tempo
Non hai fatto questo quiz